| 000 | 00627nam a2200229Ia 4500 | ||
|---|---|---|---|
| 003 | OSt | ||
| 005 | 20240907110956.0 | ||
| 008 | 210331s9999||||xx |||||||||||||| ||und|| | ||
| 020 | _a9788126435821 | ||
| 040 | _cSTCPL | ||
| 041 | _aMAL | ||
| 082 |
_aM07 _bGAN-M |
||
| 100 |
_a Gangadharan, M. _qഎം. ഗംഗാധരൻ |
||
| 245 | 0 |
_aMappila padanangal / _cby M. Gangadharan _hമാപ്പിളപഠനങ്ങള് |
|
| 260 |
_aKottayam : _bD C Books , _c2007 . |
||
| 300 |
_a158 p. _bPB |
||
| 650 | _aMalayalam literature | ||
| 650 | _aNon-Fiction | ||
| 650 | _aStudy | ||
| 942 | _cBK | ||
| 942 | _2ddc | ||
| 999 |
_c69418 _d69418 |
||